Kreditovanije seľchozbankom kolchozov i seľskogo naselenija
Uložené v:
| Médium: | Kniha |
|---|---|
| Jazyk: | Russian |
| Vydavateľské údaje: |
Moskva
Gosfinizdat
1950
|
| Tagy: |
Žiadne tagy, Buďte prvý, kto otaguje tento záznam!
|
MARC
| LEADER | 00000nam a2200000 4500 | ||
|---|---|---|---|
| 001 | 0308138 | ||
| 005 | 20250414115116.8 | ||
| 041 | 0 | |a rus | |
| 044 | |a RU | ||
| 245 | 1 | 0 | |a Kreditovanije seľchozbankom kolchozov i seľskogo naselenija |c S. S. Nosyrev |
| 264 | 1 | |a Moskva |b Gosfinizdat |c 1950 | |